| 000 | 00673nam a2200241 a 4500 | ||
|---|---|---|---|
| 001 | 10921 | ||
| 003 | CO-ViMGA | ||
| 008 | 141112s2004 ck r 000 u spa d | ||
| 020 | _a9800102833 | ||
| 040 |
_aCO-ViMGA _bspa _cCO-ViMGA |
||
| 082 | 0 | 4 | _aMEVIECAR.51 P17cl |
| 100 | 1 |
_aPasquali, Antonio _914995 |
|
| 245 | 1 | 0 |
_aLa comunicación cercenada : _bel caso Venezuela |
| 250 | _a1 | ||
| 260 |
_aCaracas, _cMonte Avila Editores, _c1990 |
||
| 300 | _a212 p. il. | ||
| 490 | _aColección Estudios | ||
| 590 | _aEjemplares : 2 | ||
| 650 | 1 | 4 |
_aCOMUNICACION _952539 |
| 650 | 1 | 4 | _aCULTURA |
| 650 | 1 | 4 |
_aMEDIOS DE COMUNICACION DE MASAS - VENEZUELA _914996 |
| 942 |
_2ddc _cBK |
||
| 999 |
_c22140 _d22140 |
||